Estudio de prefactibilidad para la creación de un hotel categoría tres estrellas en la zona urbana de la ciudad de Granada, Nicaragua

Presenta un estudio de prefactibilidad para la creación de un hotel categoría tres estrellas en la zona urbana de la Ciudad de Granada Nicaragua, ha logrado concebir una estructura que permita atender la demanda insatisfecha que presentan los servicios de hotelería categoría tres estrellas en la...

Full description

Bibliographic Details
Main Authors: López Carcache, Alí, Cárdenas Lacayo, Allan Francisco
Other Authors: Tutor: Caldera Alfaro, Mario José
Format: Tesis Section = Libro
Language:Undetermined
Spanish
Published: Managua UNI 2004
Subjects:
LEADER 01604nam a2200289Ia 4500
008 240830s9999 xx 000 0 und d
040 |a BIBLIOTECA-RUPAP Mon 658.11 L864 
041 |a spa 
082 |a Mon 658.11 L864 
100 1 |a López Carcache, Alí 
100 1 |b Cárdenas Lacayo, Allan Francisco 
245 1 0 |a Estudio de prefactibilidad para la creación de un hotel categoría tres estrellas en la zona urbana de la ciudad de Granada, Nicaragua 
260 |a Managua  |b UNI  |c 2004 
300 |a 295 p. :il. 
500 |a Contiene: anexos. 
502 |a Tesis (Ingeniero de Sistemas)- UNI, 2004. 
520 3 |a Presenta un estudio de prefactibilidad para la creación de un hotel categoría tres estrellas en la zona urbana de la Ciudad de Granada Nicaragua, ha logrado concebir una estructura que permita atender la demanda insatisfecha que presentan los servicios de hotelería categoría tres estrellas en la Ciudad de Granada. La solución propuesta a partir de la aplicación y operación de un sistema hotel que utilice de manera óptima los recursos disponibles para comercializar los servicios con calidad y precios competitivos en el mercado turístico de la ciudad de Granada. 
650 7 |a INICIACIÓN DE EMPRESAS DE NEGOCIOS - HOTEL TRES ESTRELLAS - GRANADA 
650 7 |b POTENCIAL TURISTICO - GRANADA 
650 7 |c ESTUDIO DE MERCADO 
650 7 |d ANÁLISIS DE OFERTAS Y DEMANDA 
650 7 |e ESTUDIO TÉCNICO LOCALIZACIÓN 
650 7 |f ANÁLISIS FINACIEROS 
700 1 |a Tutor:  |b Caldera Alfaro, Mario José 
942 |c BK  |2 ddc 
991 |a TESIS 
999 |c 16945